BSOP header

智慧設計論 = Zhi hui she ji lun = Intelligent design {ch} : (Record no. 23231)

MARC details
000 -LEADER
fixed length control field 01592nam a2200325 4500
008 - FIXED-LENGTH DATA ELEMENTS--GENERAL INFORMATION
fixed length control field 050520s2004 -hka b 001 0 chi
020 ## - INTERNATIONAL STANDARD BOOK NUMBER
International Standard Book Number 9622086144 : HK85/438.05
020 ## - INTERNATIONAL STANDARD BOOK NUMBER
International Standard Book Number 9789622086142
090 ## - LOCALLY ASSIGNED LC-TYPE CALL NUMBER (OCLC); LOCAL CALL NUMBER (OCLC)
Classification number (OCLC) (R) ; Classification number, CALL (RLIN) (NR) BL240.2
Local cutter number (OCLC) ; Book number/undivided call number, CALL (RLIN) D39i
100 1# - MAIN ENTRY--PERSONAL NAME
Personal name 鄧勃斯基 Dembski, William A.,
Dates associated with a name 1960-
245 10 - TITLE STATEMENT
Title 智慧設計論 = Zhi hui she ji lun = Intelligent design {ch} :
Remainder of title 科學與神學之橋 = ke xue yu shen xue zhi qiao = the bridge between science & theology /
Statement of responsibility, etc 鄧勃斯基著 = Dengbosiji zhu = William A. Dembski; 盧風譯 = Lu Feng yi = translated by Lou Fang.
250 ## - EDITION STATEMENT
Edition statement 初版.
260 ## - PUBLICATION, DISTRIBUTION, ETC. (IMPRINT)
Place of publication, distribution, etc 香港 Xianggang Hong Kong :
Name of publisher, distributor, etc 天道書樓有限公司 Tian dao shu lou you xian gong si Tien Dao Publishing House Ltd., c2004.
Date of publication, distribution, etc c2004.
300 ## - PHYSICAL DESCRIPTION
Extent xxiii, 316 pages:
Other physical details illustrations;
Dimensions 21 cm.
336 ## - CONTENT TYPE
Source rdacontent
Content Type Term text.
337 ## - MEDIA TYPE
Source rdamedia
Media Type Term unmediated.
338 ## - CARRIER TYPE
Source rdacarrier
Carrier Type Term volume.
440 ## - SERIES STATEMENT/ADDED ENTRY--TITLE
Title 福音派神學叢書 = Fu yin pai shen xue cong shu = Evangelical theology series.
500 ## - GENERAL NOTE
General note Translation of: Intelligent design : the bridge between science & theology / William A. Dembski, Downers Grove, Ill. : InterVarsity Press, c1999.
504 ## - BIBLIOGRAPHY, ETC. NOTE
Bibliography, etc 神學類/神學專題 Includes bibliographical references (p. 286-316) and index.
650 #4 - SUBJECT ADDED ENTRY--TOPICAL TERM
Topical term or geographic name as entry element God
General subdivision Proof, Cosmological {ch}.
650 #4 - SUBJECT ADDED ENTRY--TOPICAL TERM
Topical term or geographic name as entry element Intelligent design (Teleology) {ch}.
650 #4 - SUBJECT ADDED ENTRY--TOPICAL TERM
Topical term or geographic name as entry element Naturalism {ch}.
650 #4 - SUBJECT ADDED ENTRY--TOPICAL TERM
Topical term or geographic name as entry element Religion and science {ch}.
951 ## - EQUIVALENCE OR CROSS-REFERENCE-GEOGRAPHIC NAME/AREA NAME [OBSOLETE] [CAN/MARC only]
General subdivision 00030832
700 ## - ADDED ENTRY--PERSONAL NAME
Personal name Dengbosiji,
Relator term
700 ## - ADDED ENTRY--PERSONAL NAME
Personal name 盧風 Lou Fang,
Relator term
700 ## - ADDED ENTRY--PERSONAL NAME
Personal name Lu Feng,
Relator term
942 ## - ADDED ENTRY ELEMENTS (KOHA)
Source of classification or shelving scheme Library of Congress Classification
Item type Books
Edition 初版.
Holdings
Withdrawn status Lost status Damaged status Not for loan Home library Current library Shelving location Date acquired Inventory number Shelving control number Total Checkouts Full call number Barcode Date last seen Price effective from Koha item type Source of classification or shelving scheme Source of acquisition Copy number
        BSOP Library BSOP Library Chinese Books (General Circulation) 12/21/2000 C-6505 127   BL240.2/D39i-2 00030832 02/23/2013 02/23/2013 Books      
        BSOP Library BSOP Library Chinese Books (General Circulation) 06/30/2015 C-13390     BL240.2 D39i 2004 00045540 06/30/2015 06/30/2015 Books Library of Congress Classification Gift - Brother Daniel c.3
BSOP

Biblical Seminary of the Philippines
  All rights Reserved
  © 2024

CONTACT INFORMATION

Biblical Seminary of the Philippines,
  77-B Karuhatan Road, Valenzuela City,
  PHILIPPINES 1441
  Phone: +632 8292-6795 / 8292-6798
  Fax : +632 8292-6675
  Email: library@bsop.edu.ph